000 00919nam a22002651u 4500
001 05805
003 HDC
007 cr bn ---
008 210121p xx fo d 00 engg
040 _aHDC
100 _aNORHAIZAM BTE MD.SANI
_96117
245 0 _aINTRODUCTION & OVERVIEW TO THE TRAINING MODULE HALAL SUPPLY CHAIN /
_cby NORHAIZAM BTE MD.SANI
260 _a[No place] :
_b[publisher not identified]
_c2011
300 _a27 pages :
_bIllustrations
336 _atext
_2rdacontent
337 _acomputer
_2rdamedia
338 _aonline resource
_2rdacarrier
650 _aHalal industry
_9144
650 _aHalal logistic
_91598
650 _aHalal supply chain
_9327
856 _zRequest full-text at [email protected]
942 _2lcc
942 _cSLIDE
942 _kSLID 000611
999 _c3129
_d3129